[Event "5th Prague Masters 2023"]
[Site "Prague CZE"]
[Date "2023.06.24"]
[Round "4.4"]
[White "Nguyen, Thai Dai Van"]
[Black "Shankland, S."]
[Result "1/2-1/2"]
[WhiteElo "2653"]
[BlackElo "2711"]
[PlyCount "139"]
[EventDate "2023.06.21"]

1. Nf3 d5 2. d4 Nf6 3. c4 e6 4. Nc3 c5 5. cxd5 exd5 6. g3 Nc6 7. Bg2 cxd4 8. Nxd4 Bc5 9. Nb3 Bb6 10. O-O d4 11. Na4 O-O 12. Bg5 h6 13. Bxf6 Qxf6 14. Nxb6 axb6 15. Bxc6 bxc6 16. Qxd4 Rd8 17. Qxf6 gxf6 18. Rfc1 Be6 19. Kf1 Ra4 20. Ke1 Rda8 21. Rc3 Rxa2 22. Rxa2 Rxa2 23. Nc1 Rxb2 24. Rxc6 b5 25. Nd3 Rb1+ 26. Kd2 $146 ({RR} 26. Rc1 Rxc1+ 27. Nxc1 Bc4 28. Kd2 f5 29. Nd3 Kg7 30. Kc3 Kf6 31. Kd4 Ke6 32. Nf4+ Kd6 33. h4 Ba2 34. e3 Bc4 35. Nh5 Ke6 36. Ng7+ Kf6 37. Ne8+ Ke7 38. Nc7 Kd6 39. Ne8+ Ke7 40. Nc7 Kd6 {So,W (2747)-Firouzja,A (2763) New York USA 2024 ½-½ (55)}) ({RR} 26. Rc1 Rxc1+ 27. Nxc1 Bc4 28. Kd2 f5 29. Nd3 Kg7 30. Kc3 Kf6 31. Kd4 Ke6 32. Nf4+ Kd6 33. h4 Ba2 34. e3 Bc4 35. Nh5 Ke6 36. Ng7+ Kf6 37. Ne8+ Ke7 38. Nc7 Kd6 39. Ne8+ Ke7 40. Nc7 Kd6 {So,W (2747)-Firouzja,A (2763) New York USA 2024 ½-½ (55)}) 26... Kg7 27. Nf4 Bc4 28. g4 Be6 29. h3 b4 30. Nxe6+ fxe6 31. Rxe6 b3 32. Rb6 b2 33. f3 Rh1 34. Rxb2 Rxh3 35. Rb5 Kg6 36. Kd3 Rh2 37. Ke3 Rg2 38. Rh5 Rg1 39. Kf2 Ra1 40. f4 Ra4 41. Kf3 Ra3+ 42. e3 Ra7 43. Rb5 Rc7 44. Kg3 Re7 45. Kf3 Rc7 46. Rb6 Ra7 47. Rc6 Rb7 48. Ra6 Rc7 49. f5+ Kg7 50. Kg3 Rc1 51. Ra7+ Kg8 52. Kf3 Rg1 53. Kf4 Rg2 54. e4 Rg1 55. Ra6 Kg7 56. Re6 Rf1+ 57. Ke3 Rg1 58. Kf3 Rf1+ 59. Kg2 Ra1 60. Re7+ Kg8 61. Kf3 Rf1+ 62. Ke3 Rg1 63. Kd4 Rxg4 64. Kd5 Rf4 65. Ke6 Rxe4+ 66. Kxf6 Rf4 67. Re8+ Kh7 68. Ke6 Kg7 69. Re7+ Kf8 70. Ra7 1/2-1/2

[Event "TCh-TUR Super League 2023"]
[Site "Ankara TUR"]
[Date "2023.07.18"]
[Round "9.6"]
[White "Mamedyarov, S."]
[Black "Demchenko, A."]
[Result "1-0"]
[WhiteElo "2742"]
[BlackElo "2623"]
[PlyCount "135"]
[EventDate "2023.07.10"]
[WhiteTeam "BAYEGAN PENDIK"]
[BlackTeam "HUKUKCU FENERBAHCELILER SPOR VE KULTUR K"]

1. Nf3 Nf6 2. c4 e6 3. e3 d5 4. b3 Be7 5. Bb2 O-O 6. Nc3 c5 7. cxd5 exd5 8. d4 Nc6 9. Be2 Ne4 10. O-O Bf6 11. Na4 cxd4 12. Nxd4 Bd7 13. Rc1 Nxd4 14. Bxd4 Bxa4 15. bxa4 Rc8 16. Rxc8 Qxc8 17. Bf3 b6 $146 ({RR} 17... Bxd4 18. Qxd4 Qc2 19. Qxd5 Nd2 20. Ra1 Nxf3+ 21. gxf3 Qg6+ 22. Kh1 Qc2 23. Kg2 Qg6+ 24. Kf1 Qa6+ {½-½ (24) Wang Yue (2640)-Kong,X (2452) Ji'an CHN 2025}) ({RR} 17... Bxd4 18. Qxd4 Qc2 19. Qxd5 Nd2 20. Ra1 Nxf3+ 21. gxf3 Qg6+ 22. Kh1 Qc2 23. Kg2 Qg6+ 24. Kf1 Qa6+ {½-½ (24) Wang Yue (2640)-Kong,X (2452) Ji'an CHN 2025}) 18. Bxe4 dxe4 19. Bxf6 gxf6 20. Qd6 Qe6 21. Qg3+ Kh8 22. Qc7 Qxa2 23. Qxa7 Qe6 24. Rb1 Rd8 25. h3 Kg7 26. Qc7 Rd6 27. Rb5 h6 28. Kh2 Kh7 29. Rf5 Kg7 30. g4 Rd5 31. Rf4 Rc5 32. Qb7 Rc4 33. Qa8 Rb4 34. Kg2 Qc4 35. Qd8 Qe6 36. a5 bxa5 37. Qxa5 Rc4 38. Qa8 Rb4 39. Rf5 Rc4 40. Qd8 Rc6 41. Qa8 Rc8 42. Qa5 Qc6 43. Qd2 Qe6 44. Qd4 Rc6 45. Rf4 Rc1 46. Rxe4 Qc6 47. Kg3 Rg1+ 48. Kh2 Rd1 49. Qxd1 Qxe4 50. Kg3 Qe5+ 51. Kg2 Qe4+ 52. Qf3 Qe5 53. Qf5 Qc7 54. Qf3 Qd6 55. Qe4 Qb8 56. Qd4 Qb5 57. Qf4 Qa5 58. Kg3 Qd5 59. Kh4 Qb5 60. Qf5 Qf1 61. e4 Qg2 62. Qf4 Kg6 63. Qe3 Qh2 64. f4 Kg7 65. Kh5 Qh1 66. f5 Kg8 67. Kxh6 Qh2 68. e5 1-0

[Event "Chessable Masters Div 2 W"]
[Site "chess.com INT"]
[Date "2023.04.03"]
[Round "1.2"]
[White "Giri, A."]
[Black "Abdusattorov, Nodirbek"]
[Result "1/2-1/2"]
[WhiteElo "2768"]
[BlackElo "2731"]
[PlyCount "59"]
[EventDate "2023.04.03"]

1. d4 d5 2. c4 e6 3. Nf3 c5 4. cxd5 exd5 5. Nc3 Nf6 6. Bg5 Be6 7. e3 c4 8. Be2 Bb4 9. O-O O-O 10. Ne5 Qa5 11. Bxf6 gxf6 12. Ng4 Nd7 13. Qc2 Rad8 $146 ({RR} 13... Kg7 14. e4 dxe4 15. Ne3 Bxc3 16. bxc3 f5 17. d5 Bxd5 18. Nxf5+ Kh8 19. Rad1 Ne5 20. Rd4 Rad8 21. Qd2 Be6 22. Nd6 Nc6 23. Bxc4 Qe5 24. f4 exf3 25. Rd3 Qc5+ 26. Rf2 Bxc4 {0-1 (26) Tan,Z (2513)-Bai,J (2492) Shao Xing 2022}) ({RR} 13... Kg7 14. e4 dxe4 15. Ne3 Bxc3 16. bxc3 f5 17. d5 Bxd5 18. Nxf5+ Kh8 19. Rad1 Ne5 20. Rd4 Rad8 21. Qd2 Be6 22. Nd6 Nc6 23. Bxc4 Qe5 24. f4 exf3 25. Rd3 Qc5+ 26. Rf2 Bxc4 {0-1 (26) Tan,Z (2513)-Bai,J (2492) Shao Xing 2022}) 14. f4 Bxc3 15. bxc3 f5 16. Rab1 fxg4 17. f5 Nf6 18. fxe6 fxe6 19. Rf4 Ne4 20. Rxg4+ Kh8 21. Rxb7 Qxc3 22. Qxc3 Nxc3 23. Bf3 Rb8 24. Rxa7 Rb1+ 25. Kf2 Ne4+ 26. Ke2 Rb2+ 27. Ke1 Rb1+ 28. Ke2 Rb2+ 29. Ke1 Rb1+ 30. Ke2 1/2-1/2

[Event "TCh-TUR Super League 2023"]
[Site "Ankara TUR"]
[Date "2023.07.19"]
[Round "10.2"]
[White "Mamedyarov, S."]
[Black "Safarli, E."]
[Result "1-0"]
[WhiteElo "2742"]
[BlackElo "2607"]
[PlyCount "80"]
[EventDate "2023.07.10"]
[WhiteTeam "BAYEGAN PENDIK"]
[BlackTeam "APAYDIN SATRANC VE"]

1. c4 c5 2. Nf3 Nf6 3. Nc3 e6 4. g3 d5 5. cxd5 exd5 6. d4 Nc6 7. Bg2 cxd4 8. Nxd4 Bc5 9. Be3 Qb6 10. Na4 Qb4+ 11. Bd2 Qxd4 12. e3 Qe5 13. Nxc5 Qxb2 14. O-O O-O 15. Nd3 ({RR} 15. a4 Qe5 16. Rc1 Qe7 17. Qb3 b6 18. Nd3 Bb7 19. Nf4 Rad8 20. Rfd1 Rfe8 21. Bc3 d4 22. exd4 Qd6 23. d5 Ne5 24. Bb4 Qd7 25. Bh3 Neg4 26. f3 g5 27. Ng2 h5 28. d6 Qf5 29. fxg4 hxg4 {Galaviz Medina,S (2514)-Lysyj,I (2560) chess.com INT 2026 0-1 (40)}) ({RR} 15. a4 Qe5 16. Rc1 Qe7 17. Qb3 b6 18. Nd3 Bb7 19. Nf4 Rad8 20. Rfd1 Rfe8 21. Bc3 d4 22. exd4 Qd6 23. d5 Ne5 24. Bb4 Qd7 25. Bh3 Neg4 26. f3 g5 27. Ng2 h5 28. d6 Qf5 29. fxg4 hxg4 {Galaviz Medina,S (2514)-Lysyj,I (2560) chess.com INT 2026 0-1 (40)}) 15... Qb6 $146 ({RR} 15... Qa3 16. Bc1 Qe7 17. Qb3 Rd8 18. Ba3 Qe8 19. Nf4 Na5 20. Qd3 Nc4 21. Nxd5 Nxd5 22. Qxc4 Be6 23. Qd4 Nb6 24. Qf4 Bd5 25. e4 Bc6 26. Rfd1 Qe6 27. Rd6 Rxd6 28. Qxd6 Qxd6 29. Bxd6 Nc4 30. Bc5 {Rozen,E (2504)-Bronstein,O (2452) Eilat ISR 2025 1-0 (78)}) ({RR} 15... Qa3 16. Bc1 Qe7 17. Qb3 Rd8 18. Ba3 Qe8 19. Nf4 Na5 20. Qd3 Nc4 21. Nxd5 Nxd5 22. Qxc4 Be6 23. Qd4 Nb6 24. Qf4 Bd5 25. e4 Bc6 26. Rfd1 Qe6 27. Rd6 Rxd6 28. Qxd6 Qxd6 29. Bxd6 Nc4 30. Bc5 {Rozen,E (2504)-Bronstein,O (2452) Eilat ISR 2025 1-0 (78)}) 16. Nf4 d4 17. exd4 Qxd4 18. Qc1 Rd8 19. Bc3 Qd6 20. Qb2 Rb8 21. a4 Bf5 22. Rfe1 h6 23. a5 Re8 24. Red1 Qe7 25. Rac1 Bg4 26. Rd3 Bf5 27. Re3 Qd6 28. Rxe8+ Nxe8 29. h3 Nf6 30. Bxf6 Qxf6 31. Qxf6 gxf6 32. a6 Nd8 33. g4 Bh7 34. axb7 Nxb7 35. Bxb7 Rxb7 36. Rc8+ Kg7 37. Nh5+ Kg6 38. f4 Rb5 39. Rc6 Bg8 40. Kh2 a5 1-0

[Event "Titled Tue 19th Sep Late"]
[Site "chess.com INT"]
[Date "2023.09.19"]
[Round "10"]
[White "Nakamura, Hi"]
[Black "Bluebaum, M."]
[Result "1-0"]
[WhiteElo "2780"]
[BlackElo "2670"]
[PlyCount "121"]
[EventDate "2023.09.19"]

1. Nf3 d5 2. e3 Nf6 3. b3 e6 4. c4 Bd6 5. Bb2 O-O 6. Nc3 c5 7. cxd5 exd5 8. d4 Nc6 9. Be2 cxd4 10. Nxd4 Nxd4 11. Qxd4 Re8 12. O-O ({RR} 12. Rd1 Be5 13. Qd2 Bf5 14. O-O Rc8 15. Bf3 Ne4 16. Nxe4 dxe4 17. Qxd8 Rcxd8 18. Rxd8 Rxd8 19. Bxe5 exf3 20. gxf3 Rd2 21. Kg2 Rxa2 22. Rc1 Rc2 23. Rxc2 Bxc2 24. b4 b6 {½-½ (24) Aronian,L (2764)-So,W (2778) Paris 2018}) ({RR} 12. Rd1 Be5 13. Qd2 Bf5 14. O-O Rc8 15. Bf3 Ne4 16. Nxe4 dxe4 17. Qxd8 Rcxd8 18. Rxd8 Rxd8 19. Bxe5 exf3 20. gxf3 Rd2 21. Kg2 Rxa2 22. Rc1 Rc2 23. Rxc2 Bxc2 24. b4 b6 {½-½ (24) Aronian,L (2764)-So,W (2778) Paris 2018}) 12... Be5 13. Qd1 d4 14. Na4 $146 ({RR} 14. Nb5 d3 15. Bxe5 dxe2 16. Qxe2 Rxe5 17. Rfd1 Bd7 18. Nd6 Qc7 19. Rac1 Bc6 20. Nc4 Rd5 21. h3 Rad8 22. Nb2 Rxd1+ 23. Nxd1 h6 24. Nc3 Qe5 25. b4 Ne4 26. Nxe4 Qxe4 27. f3 Qxb4 {0-1 (27) Mahdavi,R (2490)-Bluebaum,M (2679) chess.com INT 2026}) ({RR} 14. Nb5 d3 15. Bxe5 dxe2 16. Qxe2 Rxe5 17. Rfd1 Bd7 18. Nd6 Qc7 19. Rac1 Bc6 20. Nc4 Rd5 21. h3 Rad8 22. Nb2 Rxd1+ 23. Nxd1 h6 24. Nc3 Qe5 25. b4 Ne4 26. Nxe4 Qxe4 27. f3 Qxb4 {0-1 (27) Mahdavi,R (2490)-Bluebaum,M (2679) chess.com INT 2026}) 14... Bf5 15. exd4 Bd6 16. Bf3 Ne4 17. Nc5 Bxc5 18. dxc5 Nd2 19. Bxb7 Rb8 20. c6 Nxf1 21. Qxf1 Bc8 22. Rc1 Qc7 23. Bxc8 Rbxc8 24. b4 a6 25. h3 Re6 26. Qxa6 Rxc6 27. Rxc6 Qxc6 28. Qd3 f6 29. a3 Qc4 30. Qg3 Qe6 31. Bd4 Rc1+ 32. Kh2 Qe1 33. Qf3 Qe6 34. Qg3 Qe1 35. Qg4 Qh1+ 36. Kg3 Qe1 37. Bxf6 Rc7 38. Bd4 h6 39. Qf3 Qe6 40. Qg4 Qd5 41. Bc5 Rf7 42. Qd4 Qf5 43. Kh2 Qc2 44. Qe3 Rf6 45. b5 Qb2 46. Bd4 Qxb5 47. Bxf6 gxf6 48. Qxh6 Qe5+ 49. g3 Qd6 50. Qe3 Qd5 51. a4 Kf7 52. Qc3 Qd2 53. Qxd2 f5 54. Qf4 Kg6 55. a5 Kh5 56. a6 Kg6 57. a7 Kh5 58. a8=Q Kg6 59. Qg8+ Kh5 60. Qxf5+ Kh6 61. Qgh7# 1-0

[Event "chess.com Speed Q1KO Lose"]
[Site "chess.com INT"]
[Date "2023.08.22"]
[Round "3.4"]
[White "Vidit, S."]
[Black "Mamedov, Rau"]
[Result "1-0"]
[WhiteElo "2723"]
[BlackElo "2633"]
[PlyCount "67"]
[EventDate "2023.08.22"]
[EventType "k.o."]

1. d4 d5 2. c4 e6 3. Nf3 c5 4. cxd5 exd5 5. Nc3 Nc6 6. g3 Nf6 7. Bg2 Be7 8. O-O O-O 9. dxc5 Bxc5 10. Na4 Bb6 11. b3 ({RR} 11. Bg5 d4 12. Nxb6 axb6 13. e3 dxe3 14. Bxe3 Nd5 15. Bg5 f6 16. Bd2 Be6 17. Qe2 Re8 18. Qb5 Bf7 19. a3 Qc7 20. Rfe1 Red8 21. Rac1 Qd7 22. Be3 Ra5 23. Qd3 Qc7 24. Qc2 Nxe3 25. Rxe3 Rad5 {Yermolinsky,A (2601)-Annakov,B (2600) Connecticut 2000 ½-½ (32)}) ({RR} 11. Nxb6 Qxb6 12. b3 d4 13. Bb2 Rd8 14. Rc1 Bg4 15. Qd2 Rd7 16. Rfd1 Rad8 17. Qf4 h6 18. h3 Be6 19. Ne5 Nxe5 20. Qxe5 Nh7 21. Qc5 Qxc5 22. Rxc5 b6 23. Rcc1 Nf6 24. Rd2 d3 25. e3 Nh7 {Deac,B (2652)-Rasulov,V (2525) chess.com INT 2026 1-0 (75)}) ({RR} 11. Bg5 d4 12. Nxb6 axb6 13. e3 dxe3 14. Bxe3 Nd5 15. Bg5 f6 16. Bd2 Be6 17. Qe2 Re8 18. Qb5 Bf7 19. a3 Qc7 20. Rfe1 Red8 21. Rac1 Qd7 22. Be3 Ra5 23. Qd3 Qc7 24. Qc2 Nxe3 25. Rxe3 Rad5 {Yermolinsky,A (2601)-Annakov,B (2600) Connecticut 2000 ½-½ (32)}) ({RR} 11. Nxb6 Qxb6 12. b3 d4 13. Bb2 Rd8 14. Rc1 Bg4 15. Qd2 Rd7 16. Rfd1 Rad8 17. Qf4 h6 18. h3 Be6 19. Ne5 Nxe5 20. Qxe5 Nh7 21. Qc5 Qxc5 22. Rxc5 b6 23. Rcc1 Nf6 24. Rd2 d3 25. e3 Nh7 {Deac,B (2652)-Rasulov,V (2525) chess.com INT 2026 1-0 (75)}) 11... Re8 12. Bb2 Ne4 $146 ({RR} 12... Bg4 13. Rc1 Qd6 14. Nxb6 axb6 15. a3 Rad8 16. Qd3 d4 17. Qb5 Re4 18. Rfd1 h6 19. Qxb6 Rxe2 20. Ba1 Re7 21. h3 Bxf3 22. Bxf3 Ne5 23. Qxd6 Nxf3+ 24. Kg2 Rxd6 25. Kxf3 Ne4 26. Rc2 d3 27. Rc4 {Reshevsky,S (2460)-Hjorth,G New York 1984 ½-½ (67)}) ({RR} 12... Bg4 13. Rc1 Qd6 14. Nxb6 axb6 15. a3 Rad8 16. Qd3 d4 17. Qb5 Re4 18. Rfd1 h6 19. Qxb6 Rxe2 20. Ba1 Re7 21. h3 Bxf3 22. Bxf3 Ne5 23. Qxd6 Nxf3+ 24. Kg2 Rxd6 25. Kxf3 Ne4 26. Rc2 d3 27. Rc4 {Reshevsky,S (2460)-Hjorth,G New York 1984 ½-½ (67)}) 13. Nxb6 axb6 14. Nd4 Qf6 15. a3 Qe7 16. Rc1 Bd7 17. Nb5 Be6 18. b4 h5 19. e3 h4 20. Qh5 h3 21. Bxh3 Bxh3 22. Qxh3 Nd2 23. Qg4 Ne5 24. Bxe5 Qxe5 25. Rfd1 Ne4 26. Nc7 Qb2 27. Qf4 Rac8 28. Kg2 Red8 29. Nxd5 Rxc1 30. Ne7+ Kf8 31. Ng6+ Kg8 32. Rxd8+ Kh7 33. Nf8+ Kg8 34. Ne6+ 1-0

[Event "85th Tata Steel Masters"]
[Site "Wijk aan Zee NED"]
[Date "2023.01.27"]
[Round "11.3"]
[White "Aronian, L."]
[Black "Caruana, F."]
[Result "1/2-1/2"]
[WhiteElo "2735"]
[BlackElo "2766"]
[PlyCount "77"]
[EventDate "2023.01.14"]

1. c4 c5 2. Nf3 Nf6 3. Nc3 e6 4. g3 d5 5. cxd5 exd5 6. d4 Nc6 7. Bg2 cxd4 8. Nxd4 Bc5 9. Nb3 Bb6 10. O-O d4 11. Na4 O-O 12. Bg5 h6 13. Bxf6 Qxf6 14. Nxb6 axb6 15. Bxc6 bxc6 16. Qxd4 Rd8 17. Qxf6 gxf6 18. Rfc1 Be6 19. Kf1 Ra4 20. Ke1 Rda8 21. Rc3 Rxa2 22. Rxa2 Rxa2 23. Nc1 Rxb2 24. Rxc6 Kg7 25. Nd3 Rb1+ 26. Kd2 f5 27. Nf4 Kf6 28. h4 $146 ({RR} 28. Nd5+ Kg7 29. Nxb6 h5 30. Na4 Bd7 31. Rb6 Rh1 32. Nc5 Be8 33. h4 f4 34. Ne4 f5 35. Rb7+ Kg6 36. Rb6+ Kg7 37. Ng5 fxg3 38. fxg3 Rg1 39. Rb3 Ra1 40. Rb7+ Kf6 41. Rb6+ Kg7 42. Ne6+ Kf7 {Daneshvar,B (2577)-Salem,A (2661) Baku AZE 2023 ½-½ (88)}) ({RR} 28. Nd5+ Kg7 29. Nxb6 h5 30. Na4 Bd7 31. Rb6 Rh1 32. Nc5 Be8 33. h4 f4 34. Ne4 f5 35. Rb7+ Kg6 36. Rb6+ Kg7 37. Ng5 fxg3 38. fxg3 Rg1 39. Rb3 Ra1 40. Rb7+ Kf6 41. Rb6+ Kg7 42. Ne6+ Kf7 {Daneshvar,B (2577)-Salem,A (2661) Baku AZE 2023 ½-½ (88)}) 28... Ke7 29. Rc7+ Kf6 30. h5 Ba2 31. Kc2 Rf1 32. Rc6+ Be6 33. Nd3 Kg7 34. Rxb6 Bc4 35. f3 Bxd3+ 36. Kxd3 Rg1 37. Rb5 Kf6 38. Rb6+ Kg7 39. Rb5 1/2-1/2

[Event "Titled Tue 20th Dec Early"]
[Site "chess.com INT"]
[Date "2022.12.20"]
[Round "9"]
[White "Bluebaum, M."]
[Black "Tari, A."]
[Result "1-0"]
[WhiteElo "2657"]
[BlackElo "2659"]
[PlyCount "253"]
[EventDate "2022.12.20"]

1. d4 d5 2. c4 e6 3. Nc3 c5 4. cxd5 cxd4 5. Qa4+ Bd7 6. Qxd4 exd5 7. Qxd5 Nf6 8. Qd1 Bc5 9. Nf3 O-O 10. e3 Qe7 11. Be2 Nc6 12. O-O Ne5 13. Nd4 ({RR} 13. Qb3 b5 14. Rd1 Rad8 15. a3 Rfe8 16. h3 a6 17. Nd4 Nc6 18. Qc2 Rc8 19. Nf3 Ne5 20. Nd4 Nc6 21. Bf1 h5 22. Qd3 Rcd8 23. Qc2 Rc8 24. Nf5 Qe6 25. Ng3 Ne5 26. Bd2 Bd6 27. Be1 Bb8 {Reckless 0.10.0-dev-9057bc13 (3749)-Stoofvlees II d9 (3541) tcec-chess.com INT 2026 ½-½ (64)}) ({RR} 13. Qb3 b5 14. Rd1 Rad8 15. a3 Rfe8 16. h3 a6 17. Nd4 Nc6 18. Qc2 Rc8 19. Nf3 Ne5 20. Nd4 Nc6 21. Bf1 h5 22. Qd3 Rcd8 23. Qc2 Rc8 24. Nf5 Qe6 25. Ng3 Ne5 26. Bd2 Bd6 27. Be1 Bb8 {Reckless 0.10.0-dev-9057bc13 (3749)-Stoofvlees II d9 (3541) tcec-chess.com INT 2026 ½-½ (64)}) 13... Nc6 14. a3 Rfd8 15. b4 ({RR} 15. Nf3 Ne5 16. Qc2 Bc6 17. Nd4 Bxd4 18. exd4 Rxd4 19. Be3 Rdd8 20. Rad1 Ng6 21. Rxd8+ Rxd8 22. Rd1 Re8 23. h3 Qe5 24. Bf1 Nh5 25. Qd2 Nhf4 26. Qd4 Qf5 27. Kh2 h5 28. Ne2 Ne6 29. Qc3 Ng5 {Batchuluun,T (2431)-Colville,J (2331) Los Angeles USA 2026 1-0 (49)}) ({RR} 15. Nf3 Ne5 16. Qc2 Bc6 17. Nd4 Bxd4 18. exd4 Rxd4 19. Be3 Rdd8 20. Rad1 Ng6 21. Rxd8+ Rxd8 22. Rd1 Re8 23. h3 Qe5 24. Bf1 Nh5 25. Qd2 Nhf4 26. Qd4 Qf5 27. Kh2 h5 28. Ne2 Ne6 29. Qc3 Ng5 {Batchuluun,T (2431)-Colville,J (2331) Los Angeles USA 2026 1-0 (49)}) 15... Bb6 16. Bf3 Ne5 $146 ({RR} 16... Rac8 17. Bb2 a5 18. Bxc6 Bxc6 19. Nxc6 Rxc6 20. Qb3 Ng4 21. h3 Nxf2 22. Rxf2 Bxe3 23. Raf1 Rf6 24. Nd1 Bxf2+ 25. Nxf2 Rf5 26. Qc3 Qg5 27. Re1 h6 28. Ne4 Qg6 29. bxa5 Kh7 30. Kh2 Rf4 31. Qe3 {Bluebaum,M (2649)-Tanenbaum,Z (2260) chess.com INT 2024 1-0 (54)}) ({RR} 16... Rac8 17. Bb2 a5 18. Bxc6 Bxc6 19. Nxc6 Rxc6 20. Qb3 Ng4 21. h3 Nxf2 22. Rxf2 Bxe3 23. Raf1 Rf6 24. Nd1 Bxf2+ 25. Nxf2 Rf5 26. Qc3 Qg5 27. Re1 h6 28. Ne4 Qg6 29. bxa5 Kh7 30. Kh2 Rf4 31. Qe3 {Bluebaum,M (2649)-Tanenbaum,Z (2260) chess.com INT 2024 1-0 (54)}) 17. Be2 Nc6 18. Bf3 Ne5 19. Bb2 Nxf3+ 20. Qxf3 Bg4 21. Qg3 Bxd4 22. exd4 Rxd4 23. Nb5 Nh5 24. Qc3 Rd7 25. h3 Be2 26. Rfe1 Qg5 27. Nd4 Nf4 28. Qg3 Qxg3 29. fxg3 Nd3 30. Rxe2 Nxb2 31. Nf5 Nc4 32. Rae1 Kf8 33. a4 g6 34. Nh4 a5 35. Re4 Nb6 36. b5 Rc8 37. Nf3 Rdc7 38. g4 Rc4 39. Re7 R8c7 40. Re8+ Kg7 41. g5 Rxa4 42. Ne5 h5 43. gxh6+ Kxh6 44. Rb8 Kg7 45. Ng4 Nd7 46. Rd8 Nf6 47. Ne5 Re4 48. Rxe4 Nxe4 49. b6 Re7 50. Nc4 Nc5 51. Rc8 Na4 52. Ra8 Re4 53. Nxa5 Nxb6 54. Rb8 Nd5 55. Rxb7 Nf4 56. Rb2 Re1+ 57. Kh2 Nd3 58. Rd2 Ne5 59. Nb3 g5 60. Nd4 Re4 61. Nf5+ Kg6 62. Ng3 Re3 63. Rd6+ f6 64. Rd2 Nc4 65. Rf2 Nd6 66. Rd2 Nf7 67. Nf1 Re1 68. Ng3 Ne5 69. Re2 Rc1 70. Ne4 Rc4 71. Nd6 Rd4 72. Ne4 Rd3 73. Nc5 Ra3 74. Ne4 Ra4 75. Nc5 Rc4 76. Ne4 Nd3 77. Ng3 Nf4 78. Rf2 Rb4 79. Ne2 Nd5 80. Rf3 Rb2 81. Rd3 Ne7 82. Ng3 Nc6 83. Rd6 Ne5 84. Ne4 Nf3+ 85. Kg3 Nh4 86. Rxf6+ Kh5 87. Rf2 Rxf2 88. Kxf2 Ng6 89. Kg3 Nf4 90. Nf2 Ne2+ 91. Kf3 Nc3 92. Nd3 Kg6 93. Kg4 Ne4 94. Ne5+ Kh6 95. Nf3 Kg6 96. Ne5+ Kh6 97. Kf5 Nd6+ 98. Ke6 Ne4 99. Kf5 Nd6+ 100. Kf6 Ne4+ 101. Ke6 Nf2 102. Kf5 Nd1 103. Nf7+ Kh5 104. g4+ Kh4 105. Nxg5 Ne3+ 106. Kg6 Ng2 107. Ne6 Kxh3 108. g5 Nh4+ 109. Kh5 Nf5 110. g6 Ne7 111. g7 Ng8 112. Kg5 Kg3 113. Nf4 Kf3 114. Nh5 Ne7 115. Kf6 Ng8+ 116. Kf7 Nh6+ 117. Kg6 Ng8 118. Nf6 Ne7+ 119. Kg5 Ke3 120. Nd5+ Nxd5 121. g8=Q Nc3 122. Qe6+ Ne4+ 123. Kf5 Kd4 124. Qxe4+ Kc3 125. Ke5 Kd2 126. Qg2+ Kc1 127. Ke4 1-0

[Event "85th Tata Steel Masters"]
[Site "Wijk aan Zee NED"]
[Date "2023.01.24"]
[Round "9.1"]
[White "Keymer, Vincent"]
[Black "Abdusattorov, Nodirbek"]
[Result "1/2-1/2"]
[WhiteElo "2696"]
[BlackElo "2713"]
[PlyCount "177"]
[EventDate "2023.01.14"]

1. c4 c5 2. Nf3 Nf6 3. Nc3 Nc6 4. g3 e6 5. Bg2 d5 6. cxd5 exd5 7. d4 Be7 8. a3 ({RR} 8. b3 Ne4 9. Bb2 Bf6 {½-½ (9) Rivas Pastor,M (2515)-Franco Ocampos,Z (2490) Cordoba 1995}) ({RR} 8. Bg5 O-O 9. dxc5 d4 10. Bxf6 Bxf6 11. Ne4 Be7 12. O-O Bf5 13. Nd6 Bxd6 14. cxd6 Qxd6 15. Nd2 Qb4 16. Nb3 Rad8 17. Rc1 Qb6 18. Qd2 d3 19. Bxc6 bxc6 20. exd3 Bxd3 21. Rfd1 Be4 22. Qf4 Bd5 {Nikolic,R (2219)-Lewandowski,R (2106) chess.com INT 2024 0-1}) ({RR} 8. b3 Ne4 9. Bb2 Bf6 {½-½ (9) Rivas Pastor,M (2515)-Franco Ocampos,Z (2490) Cordoba 1995}) ({RR} 8. Bg5 O-O 9. dxc5 d4 10. Bxf6 Bxf6 11. Ne4 Be7 12. O-O Bf5 13. Nd6 Bxd6 14. cxd6 Qxd6 15. Nd2 Qb4 16. Nb3 Rad8 17. Rc1 Qb6 18. Qd2 d3 19. Bxc6 bxc6 20. exd3 Bxd3 21. Rfd1 Be4 22. Qf4 Bd5 {Nikolic,R (2219)-Lewandowski,R (2106) chess.com INT 2024 0-1}) 8... c4 $146 ({RR} 8... O-O 9. dxc5 Bxc5 10. b4 Bb6 11. Bg5 d4 12. Ne4 Re8 13. Nxf6+ gxf6 14. Bf4 d3 15. e3 Bg4 16. O-O Qd7 17. Qd2 Ne5 18. Nd4 Bxd4 19. exd4 Qxd4 20. Bxb7 Nf3+ 21. Bxf3 Bxf3 22. Bh6 Re2 23. Be3 {Hiller,S (1578)-Mir Wais,M (1987) Kranenburg 2005 0-1}) ({RR} 8... O-O 9. dxc5 Bxc5 10. b4 Bb6 11. Bg5 d4 12. Ne4 Re8 13. Nxf6+ gxf6 14. Bf4 d3 15. e3 Bg4 16. O-O Qd7 17. Qd2 Ne5 18. Nd4 Bxd4 19. exd4 Qxd4 20. Bxb7 Nf3+ 21. Bxf3 Bxf3 22. Bh6 Re2 23. Be3 {Hiller,S (1578)-Mir Wais,M (1987) Kranenburg 2005 0-1}) 9. Bg5 O-O 10. e3 Bf5 11. Ne5 Nd7 12. Nxd7 Qxd7 13. h4 Be6 14. Bxe7 Nxe7 15. O-O Bh3 16. Bxh3 Qxh3 17. Re1 Qd7 18. h5 f5 19. a4 Rf6 20. b3 cxb3 21. Qxb3 Rh6 22. Qb5 Rd8 23. Qxd7 Rxd7 24. a5 Rxh5 25. Reb1 Rh6 26. Na4 Rc7 27. Rb5 Rhc6 28. Rab1 Rc1+ 29. Rxc1 Rxc1+ 30. Kg2 Rc7 31. Nc5 b6 32. axb6 axb6 33. Rxb6 Ra7 34. Rd6 g6 35. Nd3 Rb7 36. Kf3 Kf7 37. Ne5+ Kg7 38. Nd3 h6 39. Nf4 Rb5 40. Ne6+ Kf7 41. Nc5 Rb2 42. Nd3 Rb3 43. Ne5+ Kg7 44. Rd7 Kf6 45. Ra7 Rb2 46. g4 g5 47. Kg3 f4+ 48. exf4 gxf4+ 49. Kf3 Rd2 50. Ra6+ Kg7 51. Rb6 Rxd4 52. Rb7 Kf6 53. Rxe7 Re4 54. Rh7 Kxe5 55. Rxh6 Rb4 56. Rh5+ Kd4 57. Rh8 Ke5 58. Re8+ Kf6 59. Rf8+ Kg6 60. Rf5 d4 61. Rd5 Kf6 62. Ke4 d3+ 63. Kf3 Ke6 64. Rxd3 Ke5 65. Ra3 Rb5 66. Kg2 Kf6 67. Ra8 Rb3 68. Ra5 Kg6 69. Rf5 Ra3 70. f3 Ra4 71. Kh3 Rb4 72. Kh4 Ra4 73. Rf8 Kg7 74. Rf5 Kg6 75. Rg5+ Kh7 76. Rh5+ Kg6 77. g5 Ra1 78. Rh6+ Kf5 79. Rf6+ Ke5 80. Rb6 Rh1+ 81. Kg4 Rg1+ 82. Kh5 Rg3 83. Rb3 Kf5 84. Rb5+ Ke6 85. g6 Rxf3 86. g7 Rg3 87. Kh6 f3 88. Rb8 Rh3+ 89. Kg6 1/2-1/2

[Event "Titled Tue 13th Jun Late"]
[Site "chess.com INT"]
[Date "2023.06.13"]
[Round "8"]
[White "Sarana, A."]
[Black "Nihal, Sarin"]
[Result "1-0"]
[WhiteElo "2685"]
[BlackElo "2681"]
[PlyCount "91"]
[EventDate "2023.06.13"]

1. d4 d5 2. c4 e6 3. Nc3 c5 4. cxd5 exd5 5. Nf3 Nf6 6. Bg5 Be6 7. Bxf6 Qxf6 8. e4 dxe4 9. Bb5+ Nc6 10. Nxe4 Qf4 11. Qe2 O-O-O 12. Bxc6 bxc6 13. O-O Bd5 14. Rfe1 cxd4 15. Nxd4 Kb7 16. g3 Qc7 17. Nc3 Bc5 $146 ({RR} 17... h5 18. Rac1 Rh6 19. Nxd5 Rxd5 20. Qe4 Qd7 21. Qe8 Qxe8 22. Rxe8 Bc5 23. Nb3 Bd6 24. Re4 Rf6 25. Rec4 Bf8 26. Nd4 Bc5 27. Rxc5 Rxd4 28. R1c2 g6 29. Re5 Kb6 30. Re7 a5 31. h4 Rf5 32. Kg2 {Zhang,H (1856)-Azarya,J (2386) Bangkok THA 2025 ½-½ (39)}) ({RR} 17... h5 18. Rac1 Rh6 19. Nxd5 Rxd5 20. Qe4 Qd7 21. Qe8 Qxe8 22. Rxe8 Bc5 23. Nb3 Bd6 24. Re4 Rf6 25. Rec4 Bf8 26. Nd4 Bc5 27. Rxc5 Rxd4 28. R1c2 g6 29. Re5 Kb6 30. Re7 a5 31. h4 Rf5 32. Kg2 {Zhang,H (1856)-Azarya,J (2386) Bangkok THA 2025 ½-½ (39)}) 18. Nxd5 Rxd5 19. Nb3 Bb6 20. Qf3 h5 21. Re4 g6 22. Rae1 Rf5 23. Rf4 Rxf4 24. Qxf4 Rd8 25. Qc4 Rd5 26. Kg2 Qd6 27. Re2 Rf5 28. Nd2 h4 29. Qxh4 Qd5+ 30. Qe4 Qxa2 31. Nc4 Rc5 32. Nd6+ Ka6 33. Qd3+ Rb5 34. Nxb5 cxb5 35. b3 Qa3 36. Qd5 f5 37. b4 Qxb4 38. Ra2+ Qa4 39. Rxa4+ bxa4 40. h4 a3 41. Qb3 Bc5 42. f3 Ka5 43. g4 fxg4 44. fxg4 Bb4 45. h5 gxh5 46. gxh5 1-0